The mysterious island / (Record no. 34428)
[ view plain ]
| 000 -LEADER | |
|---|---|
| fixed length control field | 01050cam a2200325 a 4500 |
| 001 - CONTROL NUMBER | |
| control field | 12111415 |
| 003 - CONTROL NUMBER IDENTIFIER | |
| control field | OSt |
| 005 - DATE AND TIME OF LATEST TRANSACTION | |
| control field | 20140310184439.0 |
| 008 - FIXED-LENGTH DATA ELEMENTS--GENERAL INFORMATION | |
| fixed length control field | 000718s1999 nyua b 000 1 eng d |
| 010 ## - LIBRARY OF CONGRESS CONTROL NUMBER | |
| LC control number | 00698132 |
| 020 ## - INTERNATIONAL STANDARD BOOK NUMBER | |
| International Standard Book Number | 0590108409 (pbk.) |
| 035 ## - SYSTEM CONTROL NUMBER | |
| System control number | (OCoLC)ocm42189527 |
| 040 ## - CATALOGING SOURCE | |
| Original cataloging agency | BKL |
| Transcribing agency | BKL |
| Modifying agency | DLC |
| 042 ## - AUTHENTICATION CODE | |
| Authentication code | lccopycat |
| -- | lcac |
| 050 00 - LIBRARY OF CONGRESS CALL NUMBER | |
| Classification number | PZ 7 |
| Item number | .Ab131Mis 1999 |
| 082 00 - DEWEY DECIMAL CLASSIFICATION NUMBER | |
| Classification number | [Fic] |
| 100 1# - MAIN ENTRY--PERSONAL NAME | |
| Personal name | Abbott, Tony, |
| Dates associated with a name | 1952- |
| 9 (RLIN) | 24144 |
| 245 14 - TITLE STATEMENT | |
| Title | The mysterious island / |
| Statement of responsibility, etc | by Tony Abbott ; illustrated by David Merrell ; cover illustration by Tim Jessell. |
| 260 ## - PUBLICATION, DISTRIBUTION, ETC. (IMPRINT) | |
| Place of publication, distribution, etc | New York : |
| Name of publisher, distributor, etc | Scholastic, |
| Date of publication, distribution, etc | 1999 |
| 300 ## - PHYSICAL DESCRIPTION | |
| Extent | 85 p. : |
| Other physical details | ill. ; |
| Dimensions | 20 cm. |
| 490 1# - SERIES STATEMENT | |
| Series statement | Secrets of Droon ; |
| Volume number/sequential designation | #3 |
| 500 ## - GENERAL NOTE | |
| General note | "A Little Apple paperback." |
| 521 0# - TARGET AUDIENCE NOTE | |
| Target audience note | |
| 526 ## - STUDY PROGRAM INFORMATION NOTE | |
| Reading level | 460 |
| 700 1# - ADDED ENTRY--PERSONAL NAME | |
| Personal name | Merrell, David, |
| Dates associated with a name | 1973- |
| Relator term | ill. |
| 9 (RLIN) | 24145 |
| 800 1# - SERIES ADDED ENTRY--PERSONAL NAME | |
| Personal name | Abbott, Tony, |
| Dates associated with a name | 1952- |
| Title of a work | Secrets of Droon ; |
| Volume/sequential designation | #3. |
| 9 (RLIN) | 24146 |
| 906 ## - LOCAL DATA ELEMENT F, LDF (RLIN) | |
| a | 7 |
| b | cbc |
| c | copycat |
| d | 2 |
| e | ncip |
| f | 20 |
| g | y-gencatlg |
| 942 ## - ADDED ENTRY ELEMENTS (KOHA) | |
| Source of classification or shelving scheme | Library of Congress Classification |
| Koha item type | |
| Withdrawn status | Lost status | Source of classification or shelving scheme | Damaged status | Home library | Current library | Shelving location | Date acquired | Total Checkouts | Full call number | Barcode | Date last seen | Copy number | Price effective from | Koha item type |
|---|---|---|---|---|---|---|---|---|---|---|---|---|---|---|
| Library of Congress Classification | Luxembourg Library | Luxembourg Library | Scholastic Reading Center Section | 10/10/2013 | PZ 7 .Ab131My 1999 | LEX1823 | 04/18/2017 | 1 | 10/10/2013 | Books | ||||
| Library of Congress Classification | Luxembourg Library | Luxembourg Library | Scholastic Reading Center Section | 10/10/2013 | PZ 7 .Ab131My 1999 | LEX1824 | 04/18/2017 | 2 | 10/10/2013 | Books | ||||
| Library of Congress Classification | Luxembourg Library | Luxembourg Library | Scholastic Reading Center Section | 11/07/2013 | PZ 7 .Ab131My 1999 | LEX0132 | 04/18/2017 | 3 | 11/07/2013 | Books |